[Event "NB I. Maroczy csoport"]
[Site "Debrecen"]
[Date "2024.02.18"]
[Round "6.8"]
[White "Dibusz, Domonkos"]
[Black "Koczo, Kristof"]
[Result "1/2-1/2"]
[WhiteElo "2073"]
[BlackElo "2042"]
[PlyCount "120"]
[EventDate "2023.10.08"]
[EventType "team-tourn"]
[EventRounds "11"]
[EventCountry "HUN"]
[Source "chess.hu"]
[WhiteTeam "DEAC-Debr.Sakkiskola"]
[BlackTeam "Aquarena Kobanya  II"]
[WhiteTeamCountry "HUN"]
[BlackTeamCountry "HUN"]

1. e4 c6 2. d4 d5 3. Nc3 dxe4 4. Nxe4 Nd7 5. Nf3 Ngf6 6. Ng3 e6 7. Bd3 c5 8. c3
cxd4 9. Nxd4 Bc5 10. O-O Bxd4 11. cxd4 O-O 12. Bf4 Nd5 13. Be5 Nxe5 14. dxe5
Nf4 15. Be4 Qg5 16. Re1 Rd8 17. Qf3 h5 18. Rad1 Rxd1 19. Rxd1 g6 20. h4 Qxh4
21. Bxb7 Rb8 22. Bxc8 Rxc8 23. Ne4 Nd5 24. Nf6+ Nxf6 25. exf6 Qb4 26. b3 Kh7
27. g3 h4 28. g4 Rc3 29. Qe2 Qf4 30. Rd7 Rc1+ 31. Rd1 Rxd1+ 32. Qxd1 Qxf6 33.
Kg2 Qf4 34. a4 Kg7 35. Qe2 Kf6 36. a5 Ke7 37. a6 Kd6 38. Kh3 g5 39. Kg2 Qd4 40.
Kg1 f6 41. Qf3 Kc5 42. Qb7 Qxg4+ 43. Kf1 Qd1+ 44. Kg2 Qd5+ 45. Kf1 Qd3+ 46. Kg2
h3+ 47. Kh2 Qd6+ 48. Kxh3 Qb6 49. Qc8+ Kd6 50. f3 f5 51. Qc4 Qe3 52. Qb4+ Ke5
53. Qb8+ Kd5 54. Qb7+ Kd6 55. Qb8+ Kc6 56. Qb7+ Kd6 57. Qb8+ Ke7 58. Qc7+ Kf6
59. Qd8+ Ke5 60. Qb8+ Kf6 1/2-1/2

[Event "NB I. Maroczy csoport"]
[Site "Debrecen"]
[Date "2024.02.18"]
[Round "6.9"]
[White "Fulop, Peter Benjamin"]
[Black "Szilagyi, Norbert"]
[Result "1-0"]
[WhiteElo "2062"]
[BlackElo "2114"]
[PlyCount "119"]
[EventDate "2023.10.08"]
[EventType "team-tourn"]
[EventRounds "11"]
[EventCountry "HUN"]
[Source "chess.hu"]
[WhiteTeam "Aquarena Kobanya  II"]
[BlackTeam "DEAC-Debr.Sakkiskola"]
[WhiteTeamCountry "HUN"]
[BlackTeamCountry "HUN"]

1. e4 c5 2. c3 d5 3. exd5 Qxd5 4. d4 Nf6 5. Nf3 Bf5 6. Na3 Nc6 7. Be3 e6 8. Qa4
Be7 9. Nb5 Qd7 10. dxc5 O-O 11. Rd1 Qc8 12. Nd6 Bxd6 13. cxd6 e5 14. Be2 Ng4
15. Bc5 Bd7 16. Qc2 f5 17. O-O Nd8 18. Ba3 Nf7 19. Rfe1 Qd8 20. h3 Ngh6 21. Bc4
e4 22. Ne5 Kh8 23. Nxd7 Qxd7 24. Qb3 Nd8 25. Bb5 Nc6 26. Qd5 Ng8 27. b3 Nf6 28.
Qd2 Rac8 29. c4 a6 30. Ba4 Rf7 31. Bb2 Qe6 32. Qf4 Nd7 33. f3 Nc5 34. Bxc6 Rxc6
35. Ba3 Rd7 36. Bxc5 Rxc5 37. fxe4 Re5 38. Rd5 Rxd5 39. cxd5 Qxd6 40. Qxd6 Rxd6
41. exf5 Kg8 42. Re5 Kf7 43. Kf2 Rb6 44. Ke3 Rb5 45. g4 g6 46. Kf4 Rb4+ 47. Re4
Rb6 48. Re6 Rb5 49. Ke5 gxf5 50. gxf5 a5 51. f6 h5 52. Re7+ Kf8 53. Rh7 Rb4 54.
Rxh5 a4 55. Ke6 Re4+ 56. Re5 Rd4 57. bxa4 Rxa4 58. d6 Rxa2 59. d7 Rd2 60. Rd5
1-0

[Event "NB I. Maroczy csoport"]
[Site "Debrecen"]
[Date "2024.02.18"]
[Round "6.10"]
[White "Mate, Balazs"]
[Black "Karacsonyi, Bank"]
[Result "1-0"]
[WhiteElo "2037"]
[BlackElo "1916"]
[PlyCount "105"]
[EventDate "2023.10.08"]
[EventType "team-tourn"]
[EventRounds "11"]
[EventCountry "HUN"]
[Source "chess.hu"]
[WhiteTeam "DEAC-Debr.Sakkiskola"]
[BlackTeam "Aquarena Kobanya  II"]
[WhiteTeamCountry "HUN"]
[BlackTeamCountry "HUN"]

1. e4 e5 2. Nf3 Nc6 3. Bc4 Bc5 4. d3 Nf6 5. Qe2 d6 6. c3 a5 7. h3 h6 8. Nbd2
Be6 9. Bxe6 fxe6 10. Nf1 Qd7 11. Ng3 a4 12. O-O g5 13. Nh2 O-O-O 14. Nh5 Qf7
15. Nxf6 Qxf6 16. Be3 Bxe3 17. fxe3 Qg6 18. Rf2 d5 19. exd5 exd5 20. Raf1 d4
21. cxd4 exd4 22. e4 h5 23. a3 Qe6 24. Rf6 Qb3 25. R6f5 Rhg8 26. R1f2 Rde8 27.
Qc2 Ne5 28. Qxb3 axb3 29. Rd2 Rg6 30. Nf3 Nxf3+ 31. gxf3 Reg8 32. Rb5 g4 33.
hxg4 hxg4 34. f4 Rh6 35. Rxb3 g3 36. Rg2 Rg4 37. f5 Rc6 38. Re2 b6 39. Rb4 Rd6
40. e5 Rh6 41. f6 Kd8 42. Ra4 g2 43. Rxg2 Rxg2+ 44. Kxg2 Kd7 45. Rxd4+ Ke6 46.
Re4 c5 47. b4 Rh8 48. bxc5 bxc5 49. Kg3 Rd8 50. Re3 Ra8 51. Rf3 Kxe5 52. f7 Rf8
53. Rf4 1-0

[Event "NB I. Maroczy csoport"]
[Site "Debrecen"]
[Date "2024.02.18"]
[Round "6.11"]
[White "Fodor, Miklos"]
[Black "Nagy, Sandor I"]
[Result "0-1"]
[WhiteElo "2058"]
[BlackElo "2141"]
[PlyCount "53"]
[EventDate "2023.10.08"]
[EventType "team-tourn"]
[EventRounds "11"]
[EventCountry "HUN"]
[Source "chess.hu"]
[WhiteTeam "Aquarena Kobanya  II"]
[BlackTeam "DEAC-Debr.Sakkiskola"]
[WhiteTeamCountry "HUN"]
[BlackTeamCountry "HUN"]

1. e4 Nf6 2. e5 Nd5 3. c4 Nb6 4. d4 d6 5. f4 dxe5 6. fxe5 Nc6 7. Be3 Bf5 8. Nc3
e6 9. Be2 Be7 10. Nf3 O-O 11. O-O f6 12. exf6 Bxf6 13. Qd2 Qe7 14. c5 Nd5 15.
Nxd5 exd5 16. Bb5 h6 17. Bf4 Nxd4 18. Nxd4 Qxc5 19. Rad1 Bxd4+ 20. Qxd4 Qxb5
21. Bxc7 Be4 22. Rfe1 Rac8 23. Be5 Rc2 24. Rd2 Rfc8 25. Ree2 Qxe2 26. Rxe2 Rxe2
27. Kf1 0-1

[Event "NB I. Maroczy csoport"]
[Site "Debrecen"]
[Date "2024.02.18"]
[Round "6.12"]
[White "Nandin-Erdene, Davaademberel"]
[Black "Karacsonyi, Luca"]
[Result "1-0"]
[WhiteElo "1966"]
[BlackElo "1954"]
[PlyCount "57"]
[EventDate "2023.10.08"]
[EventType "team-tourn"]
[EventRounds "11"]
[EventCountry "HUN"]
[Source "chess.hu"]
[WhiteTeam "DEAC-Debr.Sakkiskola"]
[BlackTeam "Aquarena Kobanya  II"]
[WhiteTeamCountry "HUN"]
[BlackTeamCountry "HUN"]

1. e4 c5 2. Nf3 Nc6 3. d4 cxd4 4. Nxd4 e6 5. c4 Nf6 6. Nc3 Bb4 7. Qd3 a6 8.
Nxc6 dxc6 9. Qxd8+ Kxd8 10. e5 Ne4 11. a3 Bxc3+ 12. bxc3 Kc7 13. Bd3 Nxc3 14.
Bc2 b5 15. Bd2 Na4 16. Ba5+ Kb8 17. Bxa4 bxa4 18. Rb1+ Bb7 19. O-O Kc8 20. c5
Rb8 21. Rfd1 Re8 22. Rd6 f6 23. Rbd1 Ba8 24. Rd8+ Rxd8 25. Rxd8+ Kb7 26. Rd7+
Kc8 27. Rc7+ Kd8 28. Rxg7+ Kc8 29. Rg8+ 1-0

[Event "NB I. Maroczy csoport"]
[Site "Budapest"]
[Date "2024.03.03"]
[Round "7.2"]
[White "Nemeth, Zoltan"]
[Black "Mester, Gyula"]
[Result "1/2-1/2"]
[WhiteElo "2212"]
[BlackElo "2289"]
[PlyCount "22"]
[EventDate "2023.10.08"]
[EventType "team-tourn"]
[EventRounds "11"]
[EventCountry "HUN"]
[Source "chess.hu"]
[WhiteTeam "Magyar Sakkvilag-SMS"]
[BlackTeam "DEAC-Debr.Sakkiskola"]
[WhiteTeamCountry "HUN"]
[BlackTeamCountry "HUN"]

1. d4 d5 2. c4 c6 3. cxd5 cxd5 4. Nc3 Nf6 5. Bf4 Bf5 6. e3 e6 7. Bd3 Bxd3 8.
Qxd3 Nc6 9. Nf3 Bd6 10. Bxd6 Qxd6 11. O-O O-O 1/2-1/2

[Event "NB I. Maroczy csoport"]
[Site "Budapest"]
[Date "2024.03.03"]
[Round "7.4"]
[White "Farago, Sandor"]
[Black "Deak, Sandor"]
[Result "1-0"]
[WhiteElo "2033"]
[BlackElo "2240"]
[PlyCount "155"]
[EventDate "2023.10.08"]
[EventType "team-tourn"]
[EventRounds "11"]
[EventCountry "HUN"]
[Source "chess.hu"]
[WhiteTeam "Magyar Sakkvilag-SMS"]
[BlackTeam "DEAC-Debr.Sakkiskola"]
[WhiteTeamCountry "HUN"]
[BlackTeamCountry "HUN"]

1. e4 e5 2. Nf3 Nc6 3. Bb5 a6 4. Ba4 Nf6 5. d3 b5 6. Bb3 Bc5 7. c3 d6 8. Bg5 h6
9. Bh4 O-O 10. Nbd2 Bb6 11. Nf1 Na5 12. Bc2 c6 13. Ne3 Qe7 14. O-O Bxe3 15.
fxe3 Qa7 16. Bxf6 Qxe3+ 17. Kh1 gxf6 18. Nh4 Qg5 19. Nf5 Bxf5 20. Rxf5 Qg6 21.
Qf3 Nb7 22. Rxf6 Qg7 23. Rf1 Nc5 24. Rxd6 Rac8 25. Qf6 Ne6 26. Bb3 Qxf6 27.
Rxf6 Rcd8 28. Rxd8 Rxd8 29. Bxe6 fxe6 30. Rxe6 Rxd3 31. h3 Rd2 32. b4 Rxa2 33.
Rxc6 Re2 34. Rxh6 Rxe4 35. Rxa6 Kf7 36. Rc6 Re1+ 37. Kh2 e4 38. Kg3 Rf1 39. Ra6
e3 40. Ra2 Rc1 41. Re2 Rxc3 42. Kf3 Rb3 43. Rxe3 Rxb4 44. g4 Rb1 45. Kf4 b4 46.
h4 Rf1+ 47. Kg5 Rf6 48. Rb3 Rb6 49. Kf5 Rh6 50. h5 Rb6 51. Ke5 Rb5+ 52. Kd4 Kf6
53. Kc4 Rb8 54. Rxb4 Rc8+ 55. Kd3 Kg5 56. Re4 Rd8+ 57. Ke3 Rf8 58. Kd4 Rf6 59.
Ke5 Ra6 60. Rd4 Rb6 61. Kd5 Ra6 62. Kc5 Ra8 63. Kc6 Re8 64. Kd7 Re1 65. Ra4 Re2
66. Ra1 Kxg4 67. Rh1 Ra2 68. h6 Ra7+ 69. Ke6 Ra6+ 70. Ke5 Ra5+ 71. Ke4 Ra4+ 72.
Kd5 Ra5+ 73. Kc6 Ra8 74. Kd6 Kg5 75. h7 Rh8 76. Ke6 Kg6 77. Rg1+ Kh6 78. Kf7
1-0

[Event "NB I. Maroczy csoport"]
[Site "Budapest"]
[Date "2024.03.03"]
[Round "7.6"]
[White "Muranyi, Peter"]
[Black "Tran, David"]
[Result "0-1"]
[WhiteElo "1993"]
[BlackElo "2191"]
[PlyCount "58"]
[EventDate "2023.10.08"]
[EventType "team-tourn"]
[EventRounds "11"]
[EventCountry "HUN"]
[Source "chess.hu"]
[WhiteTeam "Magyar Sakkvilag-SMS"]
[BlackTeam "DEAC-Debr.Sakkiskola"]
[WhiteTeamCountry "HUN"]
[BlackTeamCountry "HUN"]

1. d4 Nf6 2. c4 g6 3. Nc3 Bg7 4. e4 d6 5. f4 O-O 6. Nf3 c5 7. d5 e6 8. Be2 exd5
9. cxd5 Re8 10. Nd2 Na6 11. O-O Nc7 12. a4 Rb8 13. Bf3 a6 14. a5 Nb5 15. Re1
Nd7 16. Nxb5 axb5 17. Nb3 Ra8 18. Rb1 c4 19. Nd4 b4 20. Be3 Qxa5 21. Qc2 Nb6
22. Qf2 Na4 23. Qf1 Qa6 24. b3 cxb3 25. Be2 Qa5 26. Bb5 Rxe4 27. Bxa4 Rxe3 28.
Nb5 Qb6 29. Kh1 Rxa4 0-1

[Event "NB I. Maroczy csoport"]
[Site "Budapest"]
[Date "2024.03.03"]
[Round "7.7"]
[White "Dibusz, Domonkos"]
[Black "Juhasz, Mark"]
[Result "1-0"]
[WhiteElo "2072"]
[BlackElo "1989"]
[PlyCount "47"]
[EventDate "2023.10.08"]
[EventType "team-tourn"]
[EventRounds "11"]
[EventCountry "HUN"]
[Source "chess.hu"]
[WhiteTeam "DEAC-Debr.Sakkiskola"]
[BlackTeam "Magyar Sakkvilag-SMS"]
[WhiteTeamCountry "HUN"]
[BlackTeamCountry "HUN"]

1. e4 c5 2. b3 g6 3. Bb2 Nf6 4. e5 Nd5 5. Bc4 Nc7 6. Nf3 Bg7 7. Nc3 Nc6 8. Ne4
b6 9. Nfg5 Ne6 10. O-O Nxe5 11. Bxe5 Bxe5 12. Qf3 O-O 13. Bxe6 fxe6 14. Qh3 h5
15. Rae1 Kg7 16. Ng3 Bxg3 17. fxg3 Rf5 18. Rxf5 exf5 19. Qh4 Bb7 20. Qf4 Qf8
21. Qe5+ Kh6 22. h4 e6 23. Qc7 Bc8 24. Rxe6 1-0

[Event "NB I. Maroczy csoport"]
[Site "Budapest"]
[Date "2024.03.03"]
[Round "7.8"]
[White "Torok, Tamas Titusz"]
[Black "Bai, Attila"]
[Result "0-1"]
[WhiteElo "2028"]
[BlackElo "2118"]
[PlyCount "88"]
[EventDate "2023.10.08"]
[EventType "team-tourn"]
[EventRounds "11"]
[EventCountry "HUN"]
[Source "chess.hu"]
[WhiteTeam "Magyar Sakkvilag-SMS"]
[BlackTeam "DEAC-Debr.Sakkiskola"]
[WhiteTeamCountry "HUN"]
[BlackTeamCountry "HUN"]

1. e4 c5 2. b3 g6 3. Bb2 Nf6 4. e5 Nd5 5. Qf3 e6 6. Nc3 Nxc3 7. Qxc3 b6 8.
O-O-O Bg7 9. Qg3 Bb7 10. h4 h5 11. f4 Nc6 12. Nf3 Qc7 13. Kb1 Ne7 14. Qf2 Rc8
15. c4 O-O 16. Bd3 d6 17. Rhe1 Rcd8 18. Bc2 Nc6 19. a3 dxe5 20. fxe5 Nd4 21.
Nxd4 cxd4 22. Bxd4 Bxg2 23. Bc3 Bh3 24. d4 Bg4 25. Rd3 a5 26. a4 f5 27. Qf4 Kh7
28. Bd2 Qe7 29. Qg5 Qb7 30. Qf4 Rfe8 31. Qe3 Qc6 32. Bd1 Qb7 33. Bxg4 fxg4 34.
Rf1 Rf8 35. Rxf8 Rxf8 36. d5 Rf3 37. Qe2 Rxd3 38. Qxd3 exd5 39. cxd5 Bxe5 40.
Qe3 Bg7 41. Qe6 g3 42. Be3 Qa6 43. Kc1 Qe2 44. Qxb6 Qxe3+ 0-1

[Event "NB I. Maroczy csoport"]
[Site "Budapest"]
[Date "2024.03.03"]
[Round "7.9"]
[White "Nagy, Sandor I"]
[Black "Kelemen, Gabor"]
[Result "1/2-1/2"]
[WhiteElo "2149"]
[BlackElo "2087"]
[PlyCount "132"]
[EventDate "2023.10.08"]
[EventType "team-tourn"]
[EventRounds "11"]
[EventCountry "HUN"]
[Source "chess.hu"]
[WhiteTeam "DEAC-Debr.Sakkiskola"]
[BlackTeam "Magyar Sakkvilag-SMS"]
[WhiteTeamCountry "HUN"]
[BlackTeamCountry "HUN"]

1. e4 c5 2. Nf3 d6 3. d4 cxd4 4. Nxd4 Nf6 5. Nc3 g6 6. f4 Bg7 7. e5 dxe5 8.
fxe5 Ng4 9. Bb5+ Nc6 10. Nxc6 Qxd1+ 11. Nxd1 Bd7 12. Nd4 O-O-O 13. Be2 Bxe5 14.
Nf3 Bc7 15. Ne3 Bb6 16. Nxg4 Bxg4 17. Ng5 Bxe2 18. Kxe2 Rd6 19. Rd1 Rf6 20. Be3
h6 21. Bxb6 hxg5 22. Bg1 Rc6 23. c3 f5 24. h3 Rh4 25. Be3 Re4 26. Kf3 g4+ 27.
hxg4 Rxg4 28. Rd5 Re4 29. Rh1 b6 30. Bf4 Rce6 31. Rh8+ Kb7 32. Rd7+ Kc6 33.
Rc7+ Kb5 34. b3 a6 35. Bd2 Rc6 36. a4+ Kc5 37. b4+ Kd6 38. Rxc6+ Kxc6 39. Rh6
Rg4 40. g3 e5 41. Rh7 a5 42. Ra7 axb4 43. cxb4 Rd4 44. Be3 Rxb4 45. Rg7 f4 46.
Rxg6+ Kb7 47. gxf4 exf4 48. Bxf4 Rxa4 49. Be3 Rb4 50. Ke2 Rb1 51. Kd2 Kc7 52.
Kc2 Rb5 53. Kc3 Rb1 54. Kc4 b5+ 55. Kc3 Rf1 56. Bc5 Rb1 57. Ba3 Rh1 58. Kb4 Rh5
59. Ka5 Kb7 60. Bb4 Rf5 61. Bd2 Rd5 62. Be3 Rd3 63. Rb6+ Kc8 64. Bc5 Kc7 65.
Rxb5 Kc6 66. Bb4 Rd5 1/2-1/2

[Event "NB I. Maroczy csoport"]
[Site "Budapest"]
[Date "2024.03.03"]
[Round "7.11"]
[White "Nandin-Erdene, Davaademberel"]
[Black "Marton-John, Almos Kiran"]
[Result "1-0"]
[WhiteElo "1978"]
[BlackElo "1693"]
[PlyCount "63"]
[EventDate "2023.10.08"]
[EventType "team-tourn"]
[EventRounds "11"]
[EventCountry "HUN"]
[Source "chess.hu"]
[WhiteTeam "DEAC-Debr.Sakkiskola"]
[BlackTeam "Magyar Sakkvilag-SMS"]
[WhiteTeamCountry "HUN"]
[BlackTeamCountry "HUN"]

1. e4 e5 2. Nf3 Nc6 3. Bc4 Bc5 4. c3 Nf6 5. d4 exd4 6. e5 d5 7. Bb5 Ne4 8. cxd4
Bb6 9. Nc3 O-O 10. Be3 Bg4 11. Qc2 Nxc3 12. bxc3 Bxf3 13. gxf3 f6 14. exf6 Qxf6
15. O-O-O Na5 16. Bd3 g6 17. Rhg1 Kf7 18. Rg4 Qd6 19. Bh6 Rfe8 20. Rf4+ Ke7 21.
Re1+ Kd7 22. Rf7+ Re7 23. Rfxe7+ Qxe7 24. Rxe7+ Kxe7 25. Qe2+ Kd7 26. Qe5 Re8
27. Qxd5+ Kc8 28. Qf7 Re1+ 29. Kd2 c5 30. Kxe1 cxd4 31. Qe8+ Kc7 32. Bf4# 1-0

[Event "NB I. Maroczy csoport"]
[Site "Budapest"]
[Date "2024.03.03"]
[Round "7.12"]
[White "Somogyi, Laura"]
[Black "Ats, Laszlo Gyorgy"]
[Result "0-1"]
[WhiteElo "1584"]
[BlackElo "1917"]
[PlyCount "120"]
[EventDate "2023.10.08"]
[EventType "team-tourn"]
[EventRounds "11"]
[EventCountry "HUN"]
[Source "chess.hu"]
[WhiteTeam "Magyar Sakkvilag-SMS"]
[BlackTeam "DEAC-Debr.Sakkiskola"]
[WhiteTeamCountry "HUN"]
[BlackTeamCountry "HUN"]

1. Nf3 d5 2. d4 Bf5 3. Bf4 e6 4. e3 h5 5. Bd3 Be7 6. h3 Nf6 7. Qe2 Nbd7 8. Nbd2
Ne4 9. Ne5 c6 10. Bxe4 dxe4 11. O-O-O f6 12. Nxd7 Qxd7 13. g4 Bg6 14. f3 exf3
15. Qxf3 Qd5 16. Qxd5 exd5 17. Rde1 O-O-O 18. c3 Rde8 19. Rhg1 Bf8 20. a3 hxg4
21. hxg4 Kd7 22. c4 Bd6 23. c5 Bc7 24. Nf3 Be4 25. Bxc7 Kxc7 26. Nd2 Rh4 27.
Ref1 Bd3 28. Rf3 Kd7 29. b4 Ke6 30. Kb2 Kf7 31. g5 f5 32. Kc3 Be4 33. Nxe4
Rhxe4 34. Rxf5+ Kg6 35. Rf3 Rxe3+ 36. Rxe3 Rxe3+ 37. Kc2 Rxa3 38. Re1 Rf3 39.
Re7 Rf7 40. Re5 Rf2+ 41. Kb3 Kf7 42. b5 Rf4 43. bxc6 bxc6 44. g6+ Kxg6 45. Re6+
Rf6 46. Re7 Kh6 47. Rxa7 g5 48. Rc7 g4 49. Kb4 g3 50. Rc8 g2 51. Rg8 Rg6 52.
Rxg6+ Kxg6 53. Ka5 g1=Q 54. Kb6 Qxd4 55. Kxc6 Qc4 56. Kd6 d4 57. c6 d3 58. c7
d2 59. Kd7 d1=Q+ 60. Kc8 Qd6 0-1

[Event "NB I. Maroczy csoport"]
[Site "Nyiregyhaza"]
[Date "2024.03.03"]
[Round "7.3"]
[White "Meszaros, Gyula"]
[Black "Okhotnik, Vladimir"]
[Result "1-0"]
[WhiteElo "2303"]
[BlackElo "2306"]
[PlyCount "78"]
[EventDate "2023.10.08"]
[EventType "team-tourn"]
[EventRounds "11"]
[EventCountry "HUN"]
[Source "chess.hu"]
[WhiteTeam "Kumania-Kisujszallas"]
[BlackTeam "NYVSC "]
[WhiteTeamCountry "HUN"]
[BlackTeamCountry "HUN"]

1. d4 Nf6 2. Bg5 e6 3. Nd2 Be7 4. e3 d6 5. Bd3 Nbd7 6. c3 O-O 7. h4 c5 8. g4
cxd4 9. cxd4 Nd5 10. a3 Re8 11. Qf3 Nf8 12. e4 Bxg5 13. hxg5 Ne7 14. Ne2 e5 15.
O-O-O Neg6 16. d5 Qxg5 17. Rh5 Bxg4 18. Rxg5 Bxf3 19. Nxf3 Nd7 20. Kd2 Ne7 21.
Nh4 g6 22. f3 Rec8 23. Rgg1 Nc5 24. Bc2 Rc7 25. Rc1 Rac8 26. b4 Nd7 27. Bd3 Kg7
28. Ng2 Rxc1 29. Nxc1 h5 30. Ne3 Nf8 31. Nb3 f6 32. Bf1 Rc7 33. Nc4 Nc8 34. Kd3
Kf7 35. Bh3 Ke7 36. Nba5 b5 37. Ne3 Nb6 38. Nc6+ Ke8 39. Kd2 Rg7 1-0

[Event "NB I. Maroczy csoport"]
[Site "Nyiregyhaza"]
[Date "2024.03.03"]
[Round "7.4"]
[White "Oros, Robert"]
[Black "Egyed, Gabor"]
[Result "1-0"]
[WhiteElo "2249"]
[BlackElo "2179"]
[PlyCount "121"]
[EventDate "2023.10.08"]
[EventType "team-tourn"]
[EventRounds "11"]
[EventCountry "HUN"]
[Source "chess.hu"]
[WhiteTeam "NYVSC "]
[BlackTeam "Kumania-Kisujszallas"]
[WhiteTeamCountry "HUN"]
[BlackTeamCountry "HUN"]

1. e4 d6 2. d4 Nf6 3. Nc3 e5 4. Nf3 Nbd7 5. Bc4 Be7 6. O-O c6 7. a4 Qc7 8. h3
h6 9. Be3 g5 10. a5 g4 11. hxg4 Nxg4 12. d5 Ndf6 13. Bc1 Rg8 14. Ne1 Nh5 15.
Nd3 Bg5 16. Bxg5 Rxg5 17. Qd2 Bd7 18. f3 Ngf6 19. Rf2 Ng3 20. Ne2 Nfxe4 21.
fxe4 Nxe4 22. Qe3 Nxf2 23. Qxf2 f5 24. Nc3 c5 25. a6 b6 26. Bb5 O-O-O 27. Ne1
Rdg8 28. Qf1 Kb8 29. Rd1 h5 30. Bc6 Bxc6 31. dxc6 Qxc6 32. Nd5 R8g7 33. c4 h4
34. Rd3 Qe8 35. Qf2 Qg6 36. Rh3 Rh7 37. Nf3 e4 38. Nxg5 Qxg5 39. Kh2 Kc8 40.
Nf4 Kd7 41. Nd5 Ke6 42. b3 Kd7 43. Re3 Rg7 44. Kh1 Kc6 45. Rh3 Rh7 46. Qa2 Kd7
47. Qa4+ Kd8 48. Qc6 Rg7 49. Qxd6+ Kc8 50. Qc6+ Kd8 51. Qa8+ Kd7 52. Qxa7+ Kc8
53. Qa8+ Kd7 54. Qb7+ Ke8 55. Qb8+ Kf7 56. Nf4 Rg8 57. a7 Qd8 58. Qe5 Qd1+ 59.
Kh2 Qg4 60. Qe6+ Kg7 61. Qxg8+ 1-0

[Event "NB I. Maroczy csoport"]
[Site "Nyiregyhaza"]
[Date "2024.03.03"]
[Round "7.5"]
[White "Pletl, Akos"]
[Black "Anghelus, Alin-Gabriel"]
[Result "1-0"]
[WhiteElo "2180"]
[BlackElo "2220"]
[PlyCount "63"]
[EventDate "2023.10.08"]
[EventType "team-tourn"]
[EventRounds "11"]
[EventCountry "HUN"]
[Source "chess.hu"]
[WhiteTeam "Kumania-Kisujszallas"]
[BlackTeam "NYVSC "]
[WhiteTeamCountry "HUN"]
[BlackTeamCountry "HUN"]

1. d4 d5 2. c4 e6 3. Nc3 a6 4. cxd5 exd5 5. Bf4 Nf6 6. e3 Bd6 7. Bg5 c6 8. Bd3
O-O 9. Nf3 Re8 10. Qc2 h6 11. Bh4 Nbd7 12. O-O Nf8 13. Rfe1 Bg4 14. Nd2 Bh5 15.
f3 Bg6 16. Nf1 Be7 17. Rad1 Qa5 18. a3 Bxd3 19. Qxd3 Ng6 20. Bg3 Qb6 21. Na4
Qa5 22. Qc2 Rad8 23. b4 Qb5 24. Bc7 a5 25. Bxd8 Bxd8 26. Rb1 axb4 27. axb4 Bc7
28. Nc3 Qb6 29. b5 Bb8 30. Na4 Qc7 31. bxc6 bxc6 32. Nc5 1-0

[Event "NB I. Maroczy csoport"]
[Site "Nyiregyhaza"]
[Date "2024.03.03"]
[Round "7.6"]
[White "Racz, Zoltan"]
[Black "Muhari, Istvan"]
[Result "1/2-1/2"]
[WhiteElo "2234"]
[BlackElo "2134"]
[PlyCount "20"]
[EventDate "2023.10.08"]
[EventType "team-tourn"]
[EventRounds "11"]
[EventCountry "HUN"]
[Source "chess.hu"]
[WhiteTeam "NYVSC "]
[BlackTeam "Kumania-Kisujszallas"]
[WhiteTeamCountry "HUN"]
[BlackTeamCountry "HUN"]

1. e4 c6 2. Nf3 d5 3. exd5 cxd5 4. Ne5 Nc6 5. Bb5 Bd7 6. Nxd7 Qxd7 7. d4 e6 8.
c3 Nf6 9. Nd2 Bd6 10. O-O O-O 1/2-1/2

[Event "NB I. Maroczy csoport"]
[Site "Nyiregyhaza"]
[Date "2024.03.03"]
[Round "7.7"]
[White "Balogh, David"]
[Black "Hibjan, Tamas"]
[Result "1-0"]
[WhiteElo "2196"]
[BlackElo "2143"]
[PlyCount "55"]
[EventDate "2023.10.08"]
[EventType "team-tourn"]
[EventRounds "11"]
[EventCountry "HUN"]
[Source "chess.hu"]
[WhiteTeam "Kumania-Kisujszallas"]
[BlackTeam "NYVSC "]
[WhiteTeamCountry "HUN"]
[BlackTeamCountry "HUN"]

1. d4 Nf6 2. Nc3 d5 3. Bf4 e6 4. Nb5 Na6 5. e3 c6 6. Nc3 b6 7. Nf3 Bb7 8. Ne5
Rc8 9. a3 Bd6 10. Bd3 O-O 11. Qf3 Nc7 12. Qh3 Nce8 13. Bg5 h6 14. Bxh6 gxh6 15.
Qxh6 c5 16. g4 Ne4 17. Bxe4 dxe4 18. g5 Bxe5 19. dxe5 Qc7 20. Rg1 Qxe5 21. g6
fxg6 22. Rg5 Rf5 23. Rxg6+ Ng7 24. O-O-O Rf7 25. Rdg1 Bd5 26. R6g5 Qc7 27. Nb5
Qe7 28. Rh5 1-0

[Event "NB I. Maroczy csoport"]
[Site "Nyiregyhaza"]
[Date "2024.03.03"]
[Round "7.8"]
[White "Borsavolgyi, Tamas"]
[Black "Simonyi, Zoltan"]
[Result "0-1"]
[WhiteElo "2004"]
[BlackElo "2094"]
[PlyCount "108"]
[EventDate "2023.10.08"]
[EventType "team-tourn"]
[EventRounds "11"]
[EventCountry "HUN"]
[Source "chess.hu"]
[WhiteTeam "NYVSC "]
[BlackTeam "Kumania-Kisujszallas"]
[WhiteTeamCountry "HUN"]
[BlackTeamCountry "HUN"]

1. d4 Nf6 2. c4 c5 3. d5 b5 4. cxb5 a6 5. bxa6 Bxa6 6. g3 d6 7. Bg2 g6 8. Bd2
Bg7 9. Bc3 Nbd7 10. h4 Nb6 11. Nh3 Ra7 12. Nf4 h5 13. a4 O-O 14. b3 Qd7 15. a5
Na8 16. Na3 Rb8 17. Nc4 Rab7 18. Nd2 Nc7 19. O-O Nb5 20. Bb2 Qd8 21. Re1 Nd7
22. Bxg7 Kxg7 23. e3 Qh8 24. Qc2 Kf8 25. Rac1 Nc7 26. Be4 Qg7 27. Nd3 Nf6 28.
Nf4 Ng4 29. Bd3 Ne5 30. Bxa6 Nxa6 31. Nd3 Nxd3 32. Qxd3 Nb4 33. Qe4 Qb2 34.
Red1 Ra7 35. Qf4 Nxd5 36. Qc4 Nf6 37. Rb1 Qe5 38. Ra1 Rb4 39. Qd3 Qe6 40. Re1
d5 41. Qc3 Qd6 42. Ra2 e5 43. Rc1 Rb5 44. Rca1 Ra6 45. Ra4 Nd7 46. f4 e4 47.
Qh8+ Ke7 48. Nxe4 Qe6 49. Ng5 Qxe3+ 50. Kf1 Qd3+ 51. Kf2 Rxb3 52. R4a2 Qxg3+
53. Kf1 Rf6 54. Rf2 Rxf4 0-1

[Event "NB I. Maroczy csoport"]
[Site "Nyiregyhaza"]
[Date "2024.03.03"]
[Round "7.9"]
[White "Fekete, Albert"]
[Black "Egyed, Judit"]
[Result "1-0"]
[WhiteElo "2094"]
[BlackElo "2081"]
[PlyCount "67"]
[EventDate "2023.10.08"]
[EventType "team-tourn"]
[EventRounds "11"]
[EventCountry "HUN"]
[Source "chess.hu"]
[WhiteTeam "Kumania-Kisujszallas"]
[BlackTeam "NYVSC "]
[WhiteTeamCountry "HUN"]
[BlackTeamCountry "HUN"]

1. Nf3 f5 2. c4 Nf6 3. Nc3 g6 4. g3 Bg7 5. Bg2 O-O 6. O-O d6 7. d3 e5 8. Bd2 c6
9. b4 Qe8 10. b5 e4 11. dxe4 fxe4 12. Ng5 Bf5 13. f3 e3 14. Be1 h6 15. Nge4
Bxe4 16. fxe4 Qe6 17. bxc6 bxc6 18. Qd3 Na6 19. Rd1 Rad8 20. Na4 Ng4 21. Rxf8+
Rxf8 22. Bh3 h5 23. Bxg4 Qxg4 24. Qxe3 c5 25. Bc3 Qh3 26. Bxg7 Kxg7 27. e5 dxe5
28. Qxe5+ Kh6 29. Nc3 h4 30. Ne4 Qg4 31. Rf1 Rxf1+ 32. Kxf1 Qh3+ 33. Kg1 Kh7
34. Ng5+ 1-0

[Event "NB I. Maroczy csoport"]
[Site "Nyiregyhaza"]
[Date "2024.03.03"]
[Round "7.11"]
[White "Molnar, Lili"]
[Black "Blahota, Marcell"]
[Result "0-1"]
[WhiteElo "1732"]
[BlackElo "2048"]
[PlyCount "100"]
[EventDate "2023.10.08"]
[EventType "team-tourn"]
[EventRounds "11"]
[EventCountry "HUN"]
[Source "chess.hu"]
[WhiteTeam "Kumania-Kisujszallas"]
[BlackTeam "NYVSC "]
[WhiteTeamCountry "HUN"]
[BlackTeamCountry "HUN"]

1. d4 Nf6 2. c4 c6 3. Nc3 d5 4. Nf3 e6 5. Bg5 Nbd7 6. e3 Be7 7. Rc1 O-O 8. Bd3
dxc4 9. Bxc4 b5 10. Bd3 Bb7 11. O-O a6 12. Ne2 Qb6 13. e4 h6 14. Be3 Rfd8 15.
Nf4 Ng4 16. Bd2 c5 17. Qe1 a5 18. Qe2 c4 19. Bb1 Ngf6 20. h4 b4 21. Rfd1 Ba6
22. Qe3 Rac8 23. e5 Nd5 24. Qe4 Nf8 25. Nh5 f5 26. exf6 Nxf6 27. Nxf6+ Bxf6 28.
Be3 Bb7 29. Qg4 Qc7 30. b3 c3 31. Bd3 Qe7 32. Bc4 Kh8 33. g3 Bd5 34. Bxd5 Rxd5
35. Bf4 Rcd8 36. Be5 Bxe5 37. Nxe5 Qf6 38. Qh5 Kh7 39. Qe2 Rxd4 40. Nc6 Rd2 41.
Qe4+ Kg8 42. Rf1 R8d5 43. Rc2 Rxc2 44. Qxc2 e5 45. Nb8 Rd8 46. Qe4 Rxb8 47.
Qd5+ Kh8 48. Qxa5 Qd6 49. Re1 c2 50. Kg2 Qc6+ 0-1